Classifica Marcatori Lecce All-Time - Statistics

Statistiche generali
  • Questo quiz è stato fatto 27 volte
  • Il punteggio medio è 4 su 10
Statistiche sulle risposte
Gol Nazione Calciatore % Corretto
58 Uruguay Javier Chevantón
92%
37 Montenegro Mirko Vucinic
88%
61 Argentina Pedro Pasculli
54%
44 Uruguay Guillermo Giacomazzi
50%
42 Italia Simone Tiribocchi
42%
44 Italia Massimo Coda
38%
38 Italia Francesco Palmieri
25%
50 Italia Marco Mancosu
21%
37 Italia Cosimo Francioso
17%
53 Italia Gaetano Montenegro
4%
Nessun quiz corrispondente trovato
Distribuzione punteggi
Percentuale di utenti per punteggio
Percentile per numero di risposta
I tuoi punteggi nel tempo
Non hai fatto questo quiz